| 000 | 00464nam a2200169 a 4500 | ||
|---|---|---|---|
| 001 | 5378 | ||
| 003 | CDMR | ||
| 005 | 20130228164606.0 | ||
| 008 | 130130s2004||||||||||||||||||||||||||||d | ||
| 020 | _a8445339079 | ||
| 040 |
_aCDMR _bcat _cCDMR |
||
| 111 | 2 |
_93020 _aOutono Fotográfico _d2004 _cOurense |
|
| 245 | 1 | 0 | _aOutono Fotográfico 2004 |
| 260 |
_aOurense _c2004 _bXunta de Galicia |
||
| 500 | _aCatàleg de les exposicions de l'edició de 2004 | ||
| 942 |
_cMON _2ddc |
||
| 999 |
_c5378 _d5378 |
||